Creación y gestión de la empresa artesanal / Joaquín Febrer Mas
Descripción Física:
2 v. ; 30 cm
Materias:
Empreses -- Direcció i administració
MARC
| LEADER | 00000nam a2200000Ia 4500 | ||
|---|---|---|---|
| 001 | 2186, 2201 | ||
| 003 | BGR | ||
| 005 | 20260324175250.0 | ||
| 008 | 160829s9999 xx 000 0 cat d | ||
| 080 | |a C-1-72, C-1-73 | ||
| 100 | |a Febrer Mas, Joaquín |9 35195 | ||
| 245 | |a Creación y gestión de la empresa artesanal / Joaquín Febrer Mas | ||
| 260 | |a Barcelona : |b Diputació de Barcelona. Escola d'Arts i Oficis, [1986] | ||
| 300 | |a 2 v. ; |c 30 cm | ||
| 590 | |a Conté: v. 1: Gestión comercial y financiera; v. 2: Gestión mercantil, fiscal y laboral (1) | ||
| 650 | 0 | |a Empreses |x Direcció i administració |9 10980 | |
| 710 | 2 | |a Escola d'Arts i Oficis (Barcelona, Catalunya) |9 55874 | |
| 901 | |a Arxiu | ||
| 942 | |n 1 |2 udc |c MON | ||
| 952 | |0 0 |1 0 |4 0 |6 C172_C173 |7 1 |9 42904 |a Arxiu |b Arxiu |d 2016-12-01 |l 0 |o C-1-72, C-1-73 |p 2186, 2201 |r 2016-12-01 00:00:00 |w 2016-12-01 |y ARXIU | ||
| 999 | |c 45410 |d 45410 | ||